World Countries and Capitals - Strict Spelling - Statistics

General Stats
  • This quiz has been taken 230 times
    136 since last reset
  • The average score is 225 of 404
Answer Stats
Answer % Correct
Russia
81%
Afghanistan
75%
China
75%
Japan
75%
Switzerland
75%
Andorra
72%
Armenia
72%
Austria
72%
Azerbaijan
72%
Beijing
72%
France
72%
Germany
72%
India
72%
Iraq
72%
Sweden
72%
United Kingdom
72%
Albania
69%
Andorra la Vella
69%
Australia
69%
Canada
69%
Denmark
69%
Iceland
69%
Iran
69%
Kabul
69%
London
69%
Moscow
69%
North Korea
69%
Philippines
69%
Tokyo
69%
Vatican City
69%
Vienna
69%
Algeria
66%
Argentina
66%
Baku
66%
Bandar Seri Begawan
66%
Bangladesh
66%
Belarus
66%
Berlin
66%
Brazil
66%
Copenhagen
66%
Dhaka
66%
Estonia
66%
Finland
66%
Georgia
66%
Guinea
66%
Helsinki
66%
Ireland
66%
Italy
66%
Kyrgyzstan
66%
Latvia
66%
Liechtenstein
66%
Lithuania
66%
Mexico
66%
Minsk
66%
Myanmar (Burma)
66%
New Delhi
66%
Norway
66%
Oslo
66%
Qatar
66%
Riga
66%
Saudi Arabia
66%
South Korea
66%
Spain
66%
Taiwan
66%
Tajikistan
66%
Tallinn
66%
Thailand
66%
United Arab Emirates
66%
Vietnam
66%
Vilnius
66%
Yerevan
66%
Antigua and Barbuda
63%
Baghdad
63%
Bahrain
63%
Belgium
63%
Bern (de facto)
63%
Bosnia and Herzegovina
63%
Brunei
63%
Brussels
63%
Canberra
63%
Chile
63%
Colombia
63%
Czech Republic
63%
Dublin
63%
Greece
63%
Guinea-Bissau
63%
Indonesia
63%
Lebanon
63%
Luxembourg
63%
Malaysia
63%
Netherlands
63%
New Zealand
63%
Oman
63%
Ottawa
63%
Paris
63%
Portugal
63%
Prague
63%
Reykjavik
63%
Rome
63%
Sarajevo
63%
Seoul
63%
Singapore
63%
Sri Lanka
63%
Taipei
63%
Tbilisi
63%
Tehran
63%
Turkey
63%
Uzbekistan
63%
Vaduz
63%
Angola
59%
Athens
59%
Bangkok
59%
Beirut
59%
Benin
59%
Bhutan
59%
Bogotá
59%
Brasília
59%
Budapest
59%
Buenos Aires
59%
Bulgaria
59%
Cairo
59%
Cambodia
59%
Chad
59%
Croatia
59%
Doha
59%
East Timor
59%
Ecuador
59%
Egypt
59%
Gambia
59%
Ghana
59%
Hanoi
59%
Hungary
59%
Israel
59%
Jakarta
59%
Jordan
59%
Kazakhstan
59%
Kuala Lumpur (official)
59%
Kuwait
59%
Laos
59%
Ljubljana
59%
Maldives
59%
Manama
59%
Monaco
59%
Mongolia
59%
Nepal
59%
Niger
59%
Nigeria
59%
Pakistan
59%
Panama
59%
Peru
59%
Poland
59%
Pyongyang
59%
Romania
59%
Saint John's
59%
San Marino
59%
Slovakia
59%
Slovenia
59%
Sofia
59%
South Africa
59%
Stockholm
59%
Ukraine
59%
United States
59%
Washington, D.C.
59%
Zagreb
59%
Zambia
59%
Zimbabwe
59%
Accra
56%
Addis Ababa
56%
Algiers
56%
Amsterdam (official)
56%
Ankara
56%
Astana
56%
Bishkek
56%
Bissau
56%
Bolivia
56%
Burundi
56%
Damascus
56%
Dominica
56%
eSwatini (formerly Swaziland)
56%
Ethiopia
56%
Fiji
56%
Guatemala
56%
Guyana
56%
Jerusalem (official)
56%
Kathmandu
56%
Kenya
56%
Kuwait City
56%
Lesotho
56%
Libya
56%
Lisbon
56%
Madrid
56%
Malawi
56%
Malta
56%
Manila
56%
Mexico City
56%
Morocco
56%
Mozambique
56%
Papua New Guinea
56%
Riyadh
56%
Samoa
56%
Serbia
56%
Seychelles
56%
South Sudan
56%
Sudan
56%
Syria
56%
Tirana
56%
Turkmenistan
56%
Uganda
56%
Venezuela
56%
Warsaw
56%
Yemen
56%
Abu Dhabi
53%
Amman
53%
Bahamas, The
53%
Bangui
53%
Banjul
53%
Barbados
53%
Belgrade
53%
Belize
53%
Botswana
53%
Bratislava
53%
Bridgetown
53%
Bucharest
53%
Burkina Faso
53%
Cape Town (legislative)
53%
Central African Republic
53%
Conakry
53%
Costa Rica
53%
Cuba
53%
Cyprus
53%
Dili
53%
Djibouti
53%
El Salvador
53%
Eritrea
53%
Grenada
53%
Guatemala City
53%
Honduras
53%
Islamabad
53%
Ivory Coast
53%
Juba
53%
Kampala
53%
Kosovo
53%
La Paz (seat of government)
53%
Liberia
53%
Luanda
53%
Madagascar
53%
Malé
53%
Mali
53%
Marshall Islands
53%
Mauritania
53%
Mauritius
53%
Mbabane (executive)
53%
Moldova
53%
Montenegro
53%
Namibia
53%
Nassau
53%
Naypyidaw
53%
N'Djamena
53%
Palau
53%
Panama City
53%
Paraguay
53%
Phnom Penh
53%
Port-au-Prince
53%
Porto-Novo (official)
53%
Quito
53%
Saint Lucia
53%
Santiago
53%
Sierra Leone
53%
Solomon Islands
53%
Sri Jayawardenepura Kotte
53%
Suva
53%
Thimphu
53%
Togo
53%
Tonga
53%
Tripoli
53%
Tunis
53%
Tunisia
53%
Uruguay
53%
Valletta
53%
Vientiane
53%
Wellington
53%
Ashgabat
50%
Asmara
50%
Cameroon
50%
Cape Verde
50%
Caracas
50%
Chișinău
50%
Comoros
50%
Congo, Democratic Republic of the
50%
Dakar
50%
Dominican Republic
50%
Dushanbe
50%
Equatorial Guinea
50%
Gabon
50%
Georgetown
50%
Gitega
50%
Haiti
50%
Harare
50%
Havana
50%
Jamaica
50%
Kiev
50%
Kiribati
50%
Lima
50%
Lusaka
50%
Maputo
50%
Montevideo
50%
Muscat
50%
Nairobi
50%
Nauru
50%
Nicaragua
50%
Nicosia
50%
North Macedonia (formerly Macedonia)
50%
Podgorica
50%
Pretoria (executive)
50%
Rabat
50%
Rwanda
50%
Saint Kitts and Nevis
50%
Sana'a (under rebel control)
50%
San Salvador
50%
Senegal
50%
Skopje
50%
Somalia
50%
Sucre (official)
50%
Tanzania
50%
Tashkent
50%
Trinidad and Tobago
50%
Tuvalu
50%
Windhoek
50%
Abuja
47%
Antananarivo
47%
Apia
47%
Asunción
47%
Bamako
47%
Belmopan
47%
Brazzaville
47%
Congo, Republic of the
47%
Gaborone
47%
Khartoum
47%
Kingston
47%
Kinshasa
47%
Libreville
47%
Lilongwe
47%
Lomé
47%
Maseru
47%
Micronesia, Federated States of
47%
Monrovia
47%
Moroni
47%
Niamey
47%
Ouagadougou
47%
Port Moresby
47%
Pristina
47%
Saint George's
47%
Saint Vincent and the Grenadines
47%
San José
47%
Santo Domingo
47%
Suriname
47%
Tegucigalpa
47%
Ulaanbaatar
47%
Vanuatu
47%
Victoria
47%
Yaoundé
47%
Yaren (de facto)
47%
Dodoma (de jure)
44%
Freetown
44%
Funafuti
44%
Kigali
44%
Malabo (current)
44%
Managua
44%
Mogadishu
44%
Palikir
44%
Port Louis
44%
Port Vila
44%
Praia
44%
Tel Aviv (diplomatic)
44%
Yamoussoukro
44%
Basseterre
41%
Bloemfontein (judicial)
41%
Castries
41%
Cotonou (seat of government)
41%
Honiara
41%
Kingstown
41%
Ngerulmud
41%
Nouakchott
41%
Nuku'alofa
41%
Paramaribo
41%
Roseau
41%
São Tomé
41%
São Tomé and Príncipe
41%
Hague, The (seat of government)
38%
Majuro
38%
Port of Spain
38%
South Tarawa
38%
Bujumbura
28%
Dar es Salaam (de facto)
25%
Aden (temporary)
22%
Lobamba (legislative)
13%
Oyala (planned)
9%
Putrajaya (seat of government)
9%
No matching quizzes found
Score Distribution
Percent of People with Each Score
Percentile by Number Answered
Your Score History
You have not taken this quiz since the last reset